| 000 | 00471 a2200181 4500 | ||
|---|---|---|---|
| 999 |
_c182788 _d182788 |
||
| 005 | 20211206125654.0 | ||
| 010 | _aENG-130205 | ||
| 020 |
_c602.00 _a978-1-4828-4915-8 |
||
| 035 | _aEN-113737 | ||
| 037 | _bDBAD / PUB | ||
| 082 | 1 | 4 | _a809.1 |
| 100 | 1 | _aRay, Debidas | |
| 245 | 1 |
_aTagore and Me: _cDebidas Ray |
|
| 250 | _a2015 | ||
| 260 |
_aIndia _bPartridge India _c2015 |
||
| 300 |
_axix, 108p. _c23cm (pbk) |
||
| 942 |
_adpl _cEN _2ddc _h809.1 _mRAY |
||